00475nam a2200169 a 45000010005000000030009000050080041000140400028000550820015000831000026000982450075001242500007001992600038002063000010002446500027002546500024002814938CO-ViMGA141112s2004 ck r 000 u spa d aCO-ViMGAbspacCO-ViMGA04a631.3 A7511 aArnal Atares, Pedro V10aTractores y motores agricolas / cArnal Pedro , Laguna Blanca Antonio  a2a aMadrid : bMundi - prensa, c1989 a429 p14aLaguna Blanca, Antonio14aMAQUINARIA AGRICOLA